Hát Then lên chơi chợ Mường Trời = Khắp Then bay ỉn dương cươi
Hát Then lên chơi chợ Mường Trời đây thực sự là cuộc chơi giải trí sau một năm làm việc mệt nhọc vất vả, ví như ngày nay ta tổ chức đi tham quan du lịch. Mo Then thường tổ chức cho thanh niên, nam, nữ, dân trong bản, trong Mường vui chơi giải...
Αποθηκεύτηκε σε:
| Κύριος συγγραφέας: | |
|---|---|
| Μορφή: | Βιβλίο |
| Γλώσσα: | Undetermined |
| Έκδοση: |
Hà Nội
Văn hóa Thông tin
2014
|
| Θέματα: | |
| Ετικέτες: |
Προσθήκη ετικέτας
Δεν υπάρχουν, Καταχωρήστε ετικέτα πρώτοι!
|
| Thư viện lưu trữ: | Trung tâm Học liệu Trường Đại học Cần Thơ |
|---|
| LEADER | 01040nam a2200217Ia 4500 | ||
|---|---|---|---|
| 001 | CTU_209865 | ||
| 008 | 210402s9999 xx 000 0 und d | ||
| 082 | |a 781.62 | ||
| 082 | |b Đ103 | ||
| 100 | |a Lương, Thị Đại | ||
| 245 | 0 | |a Hát Then lên chơi chợ Mường Trời = | |
| 245 | 0 | |b Khắp Then bay ỉn dương cươi | |
| 245 | 0 | |c Lương Thị Đại | |
| 260 | |a Hà Nội | ||
| 260 | |b Văn hóa Thông tin | ||
| 260 | |c 2014 | ||
| 520 | |a Hát Then lên chơi chợ Mường Trời đây thực sự là cuộc chơi giải trí sau một năm làm việc mệt nhọc vất vả, ví như ngày nay ta tổ chức đi tham quan du lịch. Mo Then thường tổ chức cho thanh niên, nam, nữ, dân trong bản, trong Mường vui chơi giải trí. | ||
| 650 | |a Nhạc dân gian,Folk music | ||
| 650 | |z Việt Nam,Vietnam | ||
| 904 | |i Nguyễn Ngọc Quý,Hải | ||
| 980 | |a Trung tâm Học liệu Trường Đại học Cần Thơ | ||